Исследование контракции несамостоятельного объемного разряда, инициируемого электронным пучком; Теплофизика высоких температур; Т. 20, № 1

Dades bibliogràfiques
Parent link:Теплофизика высоких температур/ Российская академия наук (РАН) ; Отделение энергетики, машиностроения, механики и процессов управления РАН.— , 1964-
Т. 20, № 1.— 1982.— С. 1-5
Altres autors: Генкин С. А., Королев Ю. Д. Юрий Дмитриевич, Месяц Г. А. Геннадий Андреевич, Работкин В. Г., Хузеев А. П.
Idioma:rus
Publicat: 1982
Matèries:
Format: Capítol de llibre
KOHA link:https://koha.lib.tpu.ru/cgi-bin/koha/opac-detail.pl?biblionumber=451547

MARC

LEADER 00000naa2a2200000 4500
001 451547
005 20231101083549.0
035 |a (RuTPU)RU\TPU\prd\114009 
090 |a 451547 
100 |a 20110622a1982 k y0rusy50 ca 
101 0 |a rus 
102 |a RU 
200 1 |a Исследование контракции несамостоятельного объемного разряда, инициируемого электронным пучком  |f С. А. Генкин [и др.] 
320 |a Библиогр.: с. 5 (9 назв.) 
461 0 |0 (RuTPU)RU\TPU\prd\377  |t Теплофизика высоких температур  |f Российская академия наук (РАН) ; Отделение энергетики, машиностроения, механики и процессов управления РАН  |d 1964- 
463 0 |0 (RuTPU)RU\TPU\prd\109601  |t Т. 20, № 1  |v С. 1-5  |d 1982 
610 1 |a труды учёных ТПУ 
701 1 |a Генкин  |b С. А. 
701 1 |a Королев  |b Ю. Д.  |c физик  |c профессор Томского политехнического университета  |g Юрий Дмитриевич  |2 stltpush  |3 (RuTPU)RU\TPU\pers\26833  |4 070 
701 1 |a Месяц  |b Г. А.  |c российский физик  |c академик, вице-президент РАН  |c выпускник Томского политехнического института  |f 1936-  |g Геннадий Андреевич  |2 stltpush  |3 (RuTPU)RU\TPU\pers\17099  |4 070 
701 1 |a Работкин  |b В. Г. 
701 1 |a Хузеев  |b А. П. 
801 1 |a RU  |b 63413507  |c 20110622 
942 |c BK